[Event "FSIM March"]
[Site "Budapest HUN"]
[Date "2011.03.08"]
[Round "4"]
[White "Tesik,C"]
[Black "To,N"]
[Result "1-0"]
[WhiteElo "2299"]
[BlackElo "2345"]

1.e4 e6 2.d4 d5 3.Nd2 Nc6 4.Ngf3 Nf6 5.e5 Nd7 6.Bb5 a6 7.Bxc6 bxc6 8.Nb3 c5
9.Na5 c6 10.Nb3 cxd4 11.Qxd4 a5 12.Bg5 Be7 13.h4 a4 14.Nbd2 h6 15.Bxe7 Qxe7
16.c4 c5 17.Qf4 O-O 18.O-O d4 19.Qg3 Bb7 20.Rae1 Rfb8 21.Nh2 h5 22.f4 Bc6
23.b3 axb3 24.axb3 Ra2 25.Re2 Rb2 26.Rff2 Nf8 27.f5 exf5 28.e6 Ra8 29.exf7+ Qxf7
30.Qd6 Ra1+ 31.Nhf1 Ba8 32.Qxc5 d3 33.Re7 Qg6 34.Qd4 Rba2 35.Qxd3 f4 36.Qd8 Bc6
37.Re5 f3 38.Rg5 Qf7 39.gxf3 g6 40.Rxg6+ Qxg6+ 41.Rg2 Qxg2+ 42.Kxg2 Ra7 43.Kf2 R1a5
44.b4 Rf5 45.Qb6  1-0

[Event "FSGM March"]
[Site "Budapest HUN"]
[Date "2011.03.10"]
[Round "6"]
[White "Vajda,Le"]
[Black "Goh Weiming"]
[Result "0-1"]
[WhiteElo "2508"]
[BlackElo "2382"]

1.e4 e6 2.d4 d5 3.Nd2 Be7 4.Ngf3 Nf6 5.e5 Nfd7 6.c4 c5 7.cxd5 exd5 8.Bd3 Nc6
9.O-O cxd4 10.Re1 Nc5 11.Bb5 Bg4 12.h3 Bh5 13.g4 Bg6 14.Nxd4 Qb6 15.Nf1 Ne6
16.Bxc6+ bxc6 17.Nf5 Bc5 18.Be3 O-O 19.Rc1 d4 20.Bd2 d3 21.Be3 Bxe3 22.Rxe3 Qxb2
23.Nd2 Nf4 24.Rb1 Qxa2 25.Ne4 Rad8 26.Rb7 c5 27.Kh2 Kh8 28.Rf3 Qd5 29.Rxf4 Qxb7
30.Qf3 Qd5 31.Qg3 d2 32.Nxd2 Qxd2  0-1

[Event "TCh-CAT Div Hon"]
[Site "Barcelona ESP"]
[Date "2011.03.12"]
[Round "7"]
[White "Perez Mitjans,O"]
[Black "Fluvia Poyatos,Jor"]
[Result "0-1"]
[WhiteElo "2457"]
[BlackElo "2469"]

1.e4 e6 2.d4 d5 3.Nd2 Nc6 4.Ngf3 Nf6 5.e5 Nd7 6.c3 f6 7.exf6 Qxf6 8.Bb5 Bd6
9.Nb3 O-O 10.Bg5 Qg6 11.Bd3 Qh5 12.Be3 Nf6 13.h3 e5 14.Nxe5 Nxe5 15.dxe5 Qxe5
16.Qe2 Ne4 17.Nd4 Bd7 18.Nf3 Rxf3 19.gxf3 Nxc3 20.f4 Qf6 21.Qh5 d4 22.Qxh7+ Kf8
23.Bd2 Re8+ 24.Kf1 Nd5 25.Rg1 Bxf4 26.Qh8+ Kf7 27.Qh5+ Kf8 28.Bc4 Bxd2 29.Qh8+ Ke7
30.Qxg7+ Kd8 31.Bxd5 Bxh3+ 32.Bg2 Qa6+  0-1

[Event "TCh-FIN 2010-11"]
[Site "Helsinki FIN"]
[Date "2011.03.12"]
[Round "8.2"]
[White "Solozhenkin,E"]
[Black "Karttunen,M"]
[Result "1/2-1/2"]
[WhiteElo "2488"]
[BlackElo "2440"]

1.e4 e6 2.d4 d5 3.Nd2 Be7 4.Ngf3 Nf6 5.e5 Nfd7 6.Bd3 b6 7.O-O Ba6 8.c4 c5
9.Qe2 Nc6 10.cxd5 Bxd3 11.Qxd3 Nb4 12.Qe4 exd5 13.Qg4 O-O 14.Nb3 f5 15.exf6 Rxf6
16.Bg5 Rg6 17.dxc5 bxc5 18.h4 Bxg5 19.hxg5 Rb8 20.Qf5 Qc7 21.Rae1 Rf8 22.Qg4 Qd6
23.Nh4 Nf6 24.Qe6+ Qxe6 25.Rxe6 Rxg5 26.Nxc5 Nh5 27.a3 Nc2 28.Nd7 Rf4 29.Re8+ Kf7
30.Re5 Rxe5 31.Nxe5+ Ke6 32.Nhf3 Nd4 33.Re1 Nxf3+ 34.Nxf3+ Kd6 35.Re8 Rc4
36.g3 Nf6 37.Ra8 Ra4 38.Kf1 Kc6 39.Ke2 Kd6 40.Rd8+ Ke7 41.Rb8 Nd7 42.Rg8 Re4+
43.Kd2 Kf6 44.Ra8 Ra4 45.Rc8 g5 46.Rc7 Nf8 47.Ne1 h5 48.Rc6+ Kf5 49.Ng2 Ne6
50.Ne3+ Ke5 51.Rc8 h4 52.gxh4 gxh4 53.Rh8 Rf4 54.Kd3 Nc5+ 55.Ke2 Ne4 56.Rh5+ Ke6
57.Nxd5 Rxf2+ 58.Ke3 Re2+ 59.Kf3 Re1 60.Nf4+ Kd6 61.Rh6+ Kd7 62.Rxh4 Nd2+
63.Kf2 Re4 64.Rh7+ Kc6 65.Rxa7 Nc4 66.Nd3 Re8 67.Ra4 Kd5 68.Rb4 Re7 69.Rb8 Nd6
70.Kf3 Kc4 71.Nf4 Nb7 72.Rc8+ Kb3 73.Nd3 Na5 74.Rc3+ Ka2 75.b4 Nb3 76.Nc5 Nd4+
77.Kf2 Nb5 78.Rd3 Nxa3 79.Rd2+ Kb1 80.Na4 Kc1 81.Ra2 Nb5 82.Nc5 Re8 83.Kf3 Kb1
84.Rh2 Nc3 85.Nd3 Nd5 86.Rb2+ Ka1 87.Rb3 Re3+ 88.Kf2 Re8 89.b5 Nb6 90.Nb4 Re5
91.Nd3 Re8 92.Ra3+ Kb1 93.Ra6 Rb8 94.Nf4 Kc2 95.Ke3 Kb3 96.Ra1 Nc4+ 97.Kd4 Na3
98.Rh1 Nxb5+ 99.Kc5 Nc3  1/2-1/2

[Event "TCh-NED"]
[Site "Netherlands NED"]
[Date "2011.03.12"]
[Round "7.10"]
[White "Houtman,J"]
[Black "Delemarre,J"]
[Result "0-1"]
[WhiteElo "2206"]
[BlackElo "2458"]

1.e4 e6 2.d4 d5 3.Nd2 Nc6 4.Ngf3 Nf6 5.e5 Nd7 6.Bb5 Be7 7.O-O a5 8.c3 Na7
9.Bd3 c5 10.Re1 b5 11.Nf1 b4 12.Ng3 c4 13.Bf1 Nb5 14.Bd2 g6 15.Qe2 Nb6 16.Qe3 Na4
17.Rab1 bxc3 18.bxc3 Bd7 19.Ne2 Na3 20.Rbc1 Nb2 21.Qh6 Bf8 22.Qh3 Nd3 23.Bg5 Be7
24.Bh6 Rg8 25.Be3 h5 26.Qg3 Nxe1 27.Nxe1 Rh8 28.Qf3 Rb8 29.g3 Rb2 30.h4 Rxa2
31.Nf4 Rb2 32.Nh3 Kf8 33.Ng5 Qe8 34.Bh3 Kg7 35.Ng2 Nb5 36.Nf4 Nc7 37.g4 hxg4
38.Qxg4 a4 39.h5 a3 40.hxg6 fxg6 41.Ngxe6+ Bxe6 42.Nxe6+ Nxe6 43.Qxe6 Qf7  0-1

[Event "MP Reykjavik Open"]
[Site "Reykjavik ISL"]
[Date "2011.03.12"]
[Round "5.13"]
[White "Zelbel,P"]
[Black "Pelletier,Y"]
[Result "0-1"]
[WhiteElo "2410"]
[BlackElo "2593"]

1.e4 e6 2.d4 d5 3.Nd2 Be7 4.Bd3 c5 5.dxc5 Nf6 6.Qe2 O-O 7.Ngf3 Nc6 8.O-O a5
9.Rd1 Nb4 10.a3 Nxd3 11.cxd3 Bxc5 12.Nb3 Be7 13.Nbd4 Bd7 14.Bg5 h6 15.Bh4 dxe4
16.dxe4 Qb6 17.Rd2 Rfd8 18.Rad1 Be8 19.h3 a4 20.Qe3 Qa5 21.Nh2 Ng4 22.Nxg4 Bxh4
23.e5 h5 24.Nh2 Rd5 25.Nhf3 Bd8 26.Qe4 g6 27.g4 hxg4 28.Qxg4 Bc7 29.Qe4 Rad8
30.Re1 Bb6 31.Red1 Bc7 32.Re1 Bb6 33.Red1 Qc5 34.h4 Qe7 35.Qf4 Ba5 36.Re2 Bb6
37.Red2 Bc7 38.Re2 Qf8 39.h5 Qg7 40.Kh1 Bc6 41.Kh2 g5 42.Qe3 Qh6 43.Kg3 Qxh5
44.Nxc6 bxc6 45.Rxd5 Rxd5 46.Qe4 f5 47.Qxa4 f4+ 48.Kg2 Qg4+  0-1

[Event "ch-Southern FR Men"]
[Site "Armavir RUS"]
[Date "2011.03.13"]
[Round "2"]
[White "Panarin,M"]
[Black "Danielyan,Levon"]
[Result "1-0"]
[WhiteElo "2526"]
[BlackElo "2051"]

1.e4 e6 2.d4 d5 3.Nd2 Nc6 4.Ngf3 Nf6 5.e5 Nd7 6.Be2 f6 7.exf6 Qxf6 8.Nf1 Bd6
9.Ne3 Ne7 10.O-O O-O 11.Bd3 Bf4 12.Ng4 Qf7 13.Bxf4 Qxf4 14.Nge5 Nxe5 15.Nxe5 c5
16.c3 cxd4 17.cxd4 g6 18.Qa4 Nc6 19.Nxc6 bxc6 20.Qxc6 Rb8 21.Qc3 Bd7 22.g3 Qf3
23.Rae1 Rfc8 24.Qd2 a5 25.Re5 Rb4 26.Be2 Qf6 27.h4 Rcb8 28.b3 a4 29.Bd1 axb3
30.axb3 R4b6 31.Rfe1 Ra8 32.h5 Ra1 33.hxg6 hxg6 34.Bg4 Ra3 35.Bd1 Rba6 36.Qe3 Ra2
37.Bg4 Kf7 38.Bf3 Kg8 39.Rg5 Ra1 40.Rxa1 Rxa1+ 41.Kg2 Kf7 42.Rg4 Ke7 43.Qc3 Rb1
44.Rf4 Qh8 45.Qb4+  1-0

[Event "MP Reykjavik Open"]
[Site "Reykjavik ISL"]
[Date "2011.03.14"]
[Round "7.1"]
[White "McShane,L"]
[Black "Kuzubov,Y"]
[Result "1/2-1/2"]
[WhiteElo "2683"]
[BlackElo "2627"]

1.e4 e6 2.d4 d5 3.Nd2 Nc6 4.Ngf3 Nf6 5.e5 Nd7 6.Bb5 Ncb8 7.O-O b6 8.Re1 a5
9.c3 Ba6 10.Ba4 Be7 11.Nf1 c6 12.h4 Bxf1 13.Kxf1 Bxh4 14.g4 Be7 15.Kg2 Nf8
16.Rh1 Kd7 17.c4 Kc7 18.cxd5 exd5 19.Be3 b5 20.Bc2 Ne6 21.Qd2 Nd7 22.Ng1 Nb6
23.b3 Bb4 24.Qd3 g6 25.f4 h5 26.f5 gxf5 27.Qxf5 Qg8 28.g5 a4 29.Nf3 axb3
30.axb3 Rxa1 31.Rxa1 Kb7 32.Kf2 Ng7 33.Qh3 Bc3 34.Rg1 Qc8 35.Qxc8+ Nxc8 36.g6 fxg6
37.Rxg6 Ne8 38.Bg5 Rf8 39.Ke2 Nc7 40.Rh6 b4 41.Bd3 Kb6 42.Bf6 Ne6 43.Ke3 Bb2
44.Rh8 Rxh8 45.Bxh8 Ne7 46.Bf6 Ng8 47.Bf5 Nxf6 48.exf6 Nxd4 49.Nxd4 c5 50.Nf3 Bxf6
51.Kd3 Kc6 52.Bg6 h4 53.Bf5 Kd6 54.Bg4 c4+ 55.bxc4 b3 56.cxd5 b2 57.Kc2 Kxd5
58.Nxh4 Bxh4 59.Kxb2  1/2-1/2

[Event "UT Dallas GM Invitational"]
[Site "Richardson USA"]
[Date "2011.03.15"]
[Round "6"]
[White "Panchanathan,M"]
[Black "Bercys,S"]
[Result "1/2-1/2"]
[WhiteElo "2542"]
[BlackElo "2469"]

1.e4 e6 2.d4 d5 3.Nd2 Be7 4.Ngf3 Nf6 5.Bd3 c5 6.dxc5 dxe4 7.Nxe4 Nxe4 8.Bxe4 Qxd1+
9.Kxd1 Bxc5 10.Ke2 Nd7 11.Nd2 f5 12.Bd3 Ne5 13.Bb5+ Bd7 14.a4 a6 15.Bxd7+ Kxd7
16.Rd1 Ke8 17.Nb3 Be7 18.Bd2 Rc8 19.Bc3 Nd7 20.Rd2 Nf6 21.Bxf6 Bxf6 22.c3 Rc7
23.Rad1 Be7 24.Nd4 Kf7 25.Nf3 Kf6 26.Kf1 e5 27.Rd7 Rhc8 28.R1d5 e4 29.Nd4 g6
30.Ke2 Kf7 31.h3 Ke8 32.Rxc7 Rxc7 33.g4 fxg4 34.hxg4 Rc4 35.Ra5 Bd8 36.Re5+ Kf7
37.a5 Bc7 38.Rd5 Ke7 39.Ke3 Ra4 40.b4 Ra3 41.Rc5 Bd6 42.Rc4 Kd7 43.Kxe4 Ra1
44.Nc2 Rh1 45.Ne3 Rh2 46.Kf3 Rh3+ 47.Kg2 Rh2+ 48.Kg1 Rh4 49.Rd4 Kc6 50.Re4 Kd7
51.Kg2 h5 52.Rd4 Ke6 53.Kf3 Rh3+ 54.Ke2 h4 55.f4 Rh1 56.f5+ gxf5 57.gxf5+ Ke7
58.Re4+ Kd7 59.Nc4 Be7 60.Nb6+ Kd8 61.Nd5 h3 62.Rxe7 h2 63.Rh7 Rc1 64.f6 h1=Q
65.Rxh1 Rxh1 66.f7 Rh8 67.Nf4 Rh2+ 68.Kd3 Ke7 69.Ne6 Kxf7 70.Nd8+ Kf6 71.Nxb7 Ke5
72.Kc4 Rh7 73.Nc5 Rc7 74.Kb3 Rc6 75.Nd7+ Kd5 76.Nc5 Rh6 77.Na4 Rh3 78.Nb6+ Kc6
79.Nc4 Kd5 80.Nb2 Rg3 81.Na4 Rh3 82.Nc5 Rh6 83.Nd7 Kc6 84.Ne5+ Kd5 85.Nd3 Rh4
86.Ne1 Rh1 87.Nc2 Rh3 88.Na3 Kc6 89.Nc4 Kd5 90.Nd2 Rd3 91.Nc4 Rh3 92.Nb2 Kc6
93.Na4 Kd5  1/2-1/2

[Event "UT Dallas GM Invitational"]
[Site "Richardson USA"]
[Date "2011.03.17"]
[Round "8"]
[White "Bojkov,D"]
[Black "Sadorra,J"]
[Result "0-1"]
[WhiteElo "2523"]
[BlackElo "2475"]

1.e4 e6 2.d4 d5 3.Nd2 Be7 4.e5 c5 5.Qg4 g6 6.dxc5 Nh6 7.Qf4 g5 8.Qa4+ Bd7
9.Bb5 Nc6 10.Ndf3 a6 11.Bxc6 Bxc6 12.Qb4 a5 13.Qd2 d4 14.h4 Nf5 15.hxg5 Bxc5
16.Ne2 Qb6 17.Nf4 Bb4 18.c3 dxc3 19.bxc3 Rd8 20.Qb2 Bxf3 21.O-O Rg8 22.gxf3 Rxg5+
23.Ng2 Rg6 24.cxb4 Nh4 25.Bf4 Nxg2 26.Bh2 Ne1+ 27.Kh1 Qc6  0-1

[Event "UT Dallas GM Invitational"]
[Site "Richardson USA"]
[Date "2011.03.17"]
[Round "9"]
[White "Bojkov,D"]
[Black "Bercys,S"]
[Result "1-0"]
[WhiteElo "2523"]
[BlackElo "2469"]

1.e4 e6 2.d4 d5 3.Nd2 Be7 4.e5 c5 5.Qg4 Kf8 6.Ndf3 Nc6 7.Bd3 f6 8.c3 cxd4
9.cxd4 Qc7 10.Ne2 fxe5 11.Nxe5 Nxe5 12.Qf4+ Bf6 13.O-O Ke8 14.Qg3 Nh6 15.Bf4 Nhf7
16.Rac1 Qd6 17.dxe5 Bxe5 18.Rfe1 g5 19.Bxe5 Qxe5 20.f4 Qxb2 21.fxg5 Qb6+
22.Kh1 Bd7 23.g6  1-0

[Event "1st Alpine Ski Open"]
[Site "Anzere SUI"]
[Date "2011.03.19"]
[Round "5.1"]
[White "Spasov,V"]
[Black "Zubarev,Al1"]
[Result "1/2-1/2"]
[WhiteElo "2590"]
[BlackElo "2594"]

1.e4 e6 2.d4 d5 3.Nd2 Nc6 4.Ngf3 Nf6 5.e5 Nd7 6.Bd3 Nb4 7.Be2 c5 8.c3 Nc6
9.O-O a5 10.a4 Be7 11.Nb1 O-O 12.Na3 cxd4 13.cxd4 Nb6 14.Nb5 Nb4 15.Bf4 Bd7
16.b3 Rc8 17.Rc1 Bxb5 18.Bxb5 Rxc1 19.Qxc1 Nc8 20.Qd2 Na7 21.Be2 Qb6 22.Rc1 Rc8
23.Rxc8+ Nxc8 24.g3  1/2-1/2

[Event "Caissa GM March 2011"]
[Site "Kecskemet HUN"]
[Date "2011.03.19"]
[Round "1.5"]
[White "Sax,G"]
[Black "Goh Weiming"]
[Result "0-1"]
[WhiteElo "2525"]
[BlackElo "2382"]

1.e4 e6 2.d4 d5 3.Nd2 Be7 4.Bd3 c5 5.dxc5 Nf6 6.Qe2 O-O 7.Ngf3 a5 8.O-O Na6
9.e5 Nd7 10.c3 Naxc5 11.Bc2 b6 12.Rd1 f6 13.exf6 Bxf6 14.Nf1 Bb7 15.Ne3 Qe8
16.Nd4 g6 17.Nb5 Ba6 18.a4 Ne5 19.f4 Nf7 20.c4 Bxb5 21.axb5 Rd8 22.Ng4 Bg7
23.Be3 d4 24.Bf2 e5 25.fxe5 Nxe5 26.Nxe5 Bxe5 27.Qe1 Qf7 28.Rd2 Rfe8 29.Qd1 Qxc4
30.Ra3 Bf4 31.Rdd3 Be5 32.h4 Rf8 33.h5 Bh2+ 34.Kxh2 Rxf2 35.Bb1 Kg7 36.Rg3 d3
37.hxg6 hxg6 38.Qh5 Qe4 39.Rg4 Rxg2+ 40.Rxg2 Qxg2+  0-1

[Event "UT Dallas GM Invitational"]
[Site "Richardson USA"]
[Date "2011.03.19"]
[Round "12"]
[White "Panchanathan,M"]
[Black "Ramirez,Alej"]
[Result "1-0"]
[WhiteElo "2542"]
[BlackElo "2594"]

1.e4 e6 2.d4 d5 3.Nd2 Be7 4.Bd3 c5 5.dxc5 Nf6 6.Qe2 O-O 7.Ngf3 a5 8.c3 Na6
9.e5 Nd7 10.Nb3 Naxc5 11.Nxc5 Nxc5 12.Bc2 b6 13.Bf4 f5 14.exf6 Bxf6 15.Ne5 Bxe5
16.Bxe5 Qg5 17.f4 Rxf4 18.Bxf4 Qxf4 19.Rf1 Qxh2 20.Qf3 Qh4+ 21.Rf2 Qe7 22.Qh5 Ne4
23.Bxe4 dxe4 24.O-O-O Ba6 25.Rh1 h6 26.Rf4 e3 27.Qf3 Re8 28.Qxe3 Qg5 29.Re4 Qxe3+
30.Rxe3 Bb7 31.Re2 Bd5 32.b3 b5 33.Rd1 Rc8 34.Kb2 g5 35.Rd4 Kf7 36.a4 bxa4
37.Rxa4 Rc5 38.c4 Bc6 39.Ra1 h5 40.Kc3 Kf6 41.Rae1 Bd7 42.Rd2 Bc6 43.g3 Bf3
44.Rd6 Re5 45.Rxe5 Kxe5 46.Ra6 Kf5 47.Rxa5+ Kg4 48.Kd4 h4 49.gxh4 gxh4 50.Ra7 h3
51.Rh7 Kg3 52.b4 h2 53.b5 h1=Q 54.Rxh1 Bxh1 55.Ke5 Kf3 56.c5 Ke3 57.c6 Kd3
58.Kd6  1-0

[Event "TCh-BEL 2010-11"]
[Site "Hauset BEL"]
[Date "2011.03.20"]
[Round "10.5"]
[White "Coenen,N"]
[Black "Claesen,P"]
[Result "1/2-1/2"]
[WhiteElo "2353"]
[BlackElo "2371"]

1.e4 e6 2.d4 d5 3.Nd2 Be7 4.Bd3 c5 5.dxc5 Nf6 6.Qe2 O-O 7.Ngf3 a5 8.O-O Na6
9.e5 Nd7 10.Nb3 a4 11.Nbd4 Ndxc5 12.Be3 Nxd3 13.cxd3 Bd7 14.Rac1 a3 15.bxa3 Qa5
16.Rb1 b5 17.Bc1 Bxa3 18.Bxa3  1/2-1/2

[Event "Skopje Spring Open 2011"]
[Site "Skopje MKD"]
[Date "2011.03.20"]
[Round "2"]
[White "Veleski,R"]
[Black "Cvetkovski,S"]
[Result "1-0"]
[WhiteElo "2234"]
[BlackElo "1972"]

1.e4 e6 2.d4 d5 3.Nd2 Nc6 4.Ngf3 Nf6 5.e5 Nd7 6.c3 a5 7.Bb5 Na7 8.Bd3 c5
9.O-O c4 10.Bc2 Nc6 11.Re1 b5 12.Nf1 Be7 13.Bf4 b4 14.h4 Bxh4 15.Nxh4 Qxh4
16.Qd2 h6 17.Ba4 Bb7 18.Bg3 Qe7 19.f4 g6 20.Ne3 h5 21.Bc2 h4 22.Bf2 g5 23.fxg5 Qxg5
24.Nxc4 Qxd2 25.Nxd2 bxc3 26.bxc3 O-O-O 27.Re3 Nb6 28.Rh3 Nc4 29.Nf3 Rdg8
30.Rxh4 Rxh4 31.Nxh4 Na7 32.a4 Nd2 33.Kh2 Ba6 34.Rd1 Nf1+ 35.Kg1 Ng3 36.Bd3 Ne2+
37.Kf1 Bxd3 38.Rxd3 Nc1 39.Rd1 Nb3 40.Nf3 Kc7 41.Bh4 Rb8 42.Be7 Nc8 43.Ba3 Kd7
44.Rb1 Rb7 45.Kf2 Nc5 46.Rh1 Ne4+ 47.Ke3 Nb6 48.Kf4 Nxa4 49.Rh7 Naxc3 50.Rxf7+ Kc6
51.Rxb7 Kxb7 52.g4 Ne2+ 53.Ke3 N2g3 54.g5 Nf5+ 55.Kf4 Kc6 56.g6 Nh6 57.Ng5 Nc3
58.Nxe6 Nb5 59.Bb2 a4 60.Kg5 Ng8 61.Nf4 a3 62.Ba1 a2 63.g7 Na3 64.Kg6 Nc2
65.Bb2 a1=Q 66.Bxa1 Nxa1 67.Kh7 Ne7 68.Ng6  1-0

[Event "Caissa GM March 2011"]
[Site "Kecskemet HUN"]
[Date "2011.03.21"]
[Round "4.2"]
[White "Narayanan,Sri"]
[Black "Goh Weiming"]
[Result "1/2-1/2"]
[WhiteElo "2310"]
[BlackElo "2382"]

1.e4 e6 2.d4 d5 3.Nd2 Be7 4.Ngf3 Nf6 5.e5 Nfd7 6.c3 c5 7.Bd3 Nc6 8.O-O a5
9.a4 O-O 10.Re1 cxd4 11.cxd4 Nb4 12.Bb5 Nb6 13.Nb1 Bd7 14.Nc3 Rc8 15.Qe2 Nc4
16.Rd1 Be8 17.Bf4 Bc6 18.g3 Qd7 19.b3 Nb6 20.Rdc1 Rc7 21.h4 Rfc8 22.Bd2 Qe8
23.Ne1 Nd7 24.Ng2 f6 25.Nf4 Nf8 26.Qg4 f5 27.Qf3 Bd8 28.Bf1 Qf7 29.Na2 Nxa2
30.Rxa2 Be8 31.Rxc7 Qxc7 32.b4 Qb6 33.Qe3 Qa7 34.bxa5 Bxa5 35.Bxa5 Qxa5 36.Qa3 Qe1
37.Ra1 Qd2 38.Rb1 Rc2 39.Be2 Rc7 40.a5 Bd7 41.Qb4 Qxb4 42.Rxb4 Bc8 43.Kg2 Kf7
44.Bb5 Ke7 45.Nd3 Rc3 46.Nc5 Kd8 47.h5 h6 48.Kf1 Nh7 49.Bd3 Ng5 50.Ke2 Kc7
51.Rb6 Ra3 52.f4 Ne4 53.Nxe6+ Bxe6 54.Rxe6 Nxg3+ 55.Kd2 Nxh5 56.Bxf5 Rxa5
57.Re7+ Kd8 58.Rxb7 Ra2+ 59.Ke3 Ra3+ 60.Bd3 g5 61.fxg5 hxg5 62.Kd2 Nf4 63.Bb5 Rb3
64.Ba6 Ra3 65.Bb5 Rb3 66.Ba6 Ra3 67.Rb6 Ke7 68.Rh6 Ne6 69.Rh7+ Kf8 70.Bc8 Nxd4
71.e6 Nf3+ 72.Ke2 Nd4+ 73.Kd2 Nf3+ 74.Kd1 Re3 75.Bd7 Re1+ 76.Kc2 Rxe6 77.Bxe6  1/2-1/2

[Event "Zonal 2.3 Caribbean 2011"]
[Site "Santiago de los Caballeros DOM"]
[Date "2011.03.21"]
[Round "5"]
[White "Leon Hoyos,M"]
[Black "Mateo,Ra"]
[Result "1-0"]
[WhiteElo "2546"]
[BlackElo "2446"]

1.d4 e6 2.e4 d5 3.Nd2 Be7 4.Bd3 c5 5.dxc5 Bxc5 6.Ngf3 Nc6 7.exd5 exd5 8.O-O Nf6
9.Nb3 Be7 10.Nfd4 O-O 11.Nf5 Bxf5 12.Bxf5 Bd6 13.c3 g6 14.Bc2 Ne4 15.g3 Bc7
16.f3 Bb6+ 17.Kg2 Nc5 18.f4 Re8 19.f5 Qe7 20.Bh6 Qe2+ 21.Kh3 Qxd1 22.Raxd1 Re2
23.Nxc5 Rxc2 24.Nd7 Ne7 25.fxg6 hxg6 26.Nf6+ Kh8 27.Nxd5 Nf5 28.Bf4 Re8 29.g4 Ng7
30.Bg3 f5 31.Nxb6 axb6 32.Rd6 Kh7 33.Rxb6 Re3 34.Rxb7 Kh6 35.Re1 Rxe1 36.Bxe1 Ne6
37.gxf5 gxf5 38.Kg3 Kg6 39.h4 Nc5 40.Rb6+ Kf7 41.Rb5 Nd3 42.Rxf5+ Kg6 43.Rf1 Rxb2
44.Bf2 Rxa2 45.Bd4 Rc2 46.Rf6+ Kh7 47.Rf3 Rd2 48.Kg4 Rd1 49.Kg5 Rd2 50.Kh5 Nc1
51.Rf8  1-0

[Event "2nd Magic Valley IM"]
[Site "Rodatychi UKR"]
[Date "2011.03.22"]
[Round "3"]
[White "Bortnik,N"]
[Black "Nedostup,D"]
[Result "1-0"]
[WhiteElo "2284"]
[BlackElo "2025"]

1.e4 e6 2.d4 d5 3.Nd2 Be7 4.Bd3 Nf6 5.c3 c5 6.e5 Nfd7 7.Ne2 Nc6 8.O-O b6
9.f4 f5 10.Nf3 Qc7 11.Ng5 Nf8 12.Be3 c4 13.Bc2 h6 14.Nf3 Ba6 15.b3 Rg8 16.bxc4 Bxc4
17.Nd2 Na5 18.Ba4+ Nd7 19.Bb3 g5 20.Nxc4 Nxc4 21.Bc1 O-O-O 22.Qd3 Rg7 23.Ng3 Qc6
24.a4 Na5 25.Bd1 Kb8 26.Nh5 Rg6 27.fxg5 Rdg8 28.Nf6 Bxf6 29.exf6 hxg5 30.f7 Rh8
31.Qg3+ Kb7 32.Bxg5 Nc4 33.a5 b5 34.a6+ Ka8 35.Be2 Nd6 36.Rfb1 e5 37.dxe5 Ne4
38.Bxb5 Qc5+ 39.Be3 Qxc3 40.Rc1 Qb3 41.Rab1 Qa3 42.e6 Ne5 43.Be8 Nc3 44.Rb8+ Kxb8
45.Qxe5+  1-0

[Event "FIDE Zonal 3.5 w 2011"]
[Site "Tianjin CHN"]
[Date "2011.03.22"]
[Round "3"]
[White "Wang Yu A"]
[Black "Guo Qi"]
[Result "1/2-1/2"]
[WhiteElo "2398"]
[BlackElo "2331"]

1.e4 e6 2.d4 d5 3.Nd2 Be7 4.Bd3 c5 5.dxc5 Nf6 6.Qe2 O-O 7.Ngf3 a5 8.O-O Na6
9.e5 Nd7 10.c3 Naxc5 11.Bc2 b6 12.Re1 f6 13.exf6 Bxf6 14.Nb3 Ba6 15.Qe3 Re8
16.Nxc5 bxc5 17.Ba4 Rc8 18.Ng5 Bxg5 19.Qxg5 Re7 20.Bf4 Nf8 21.Rad1 Rb7 22.Qg4 Rf7
23.h4 Qb6 24.Rd2 d4 25.cxd4 cxd4 26.Bb3 Rc6 27.Ba4 Rc8  1/2-1/2

[Event "5th Agzamov Mem"]
[Site "Tashkent UZB"]
[Date "2011.03.25"]
[Round "8"]
[White "Petrosian,TL"]
[Black "Miroshnichenko,E"]
[Result "1-0"]
[WhiteElo "2620"]
[BlackElo "2670"]

1.e4 e6 2.d4 d5 3.Nd2 Nc6 4.Ngf3 Nf6 5.e5 Nd7 6.Bd3 Nb4 7.Be2 c5 8.c3 Nc6
9.O-O a5 10.a4 Be7 11.Nb1 O-O 12.Na3 cxd4 13.cxd4 Nb4 14.Bf4 Nb8 15.Qd2 N8c6
16.Rfc1 Na7 17.Rc3 Bd7 18.Ng5 f6 19.exf6 Rxf6 20.Rg3 Bxa4 21.Be5 Bd7 22.Bd3 h6
23.Nh7 Kh8 24.Nxf6 Bxf6 25.Bxf6 Qxf6 26.Nc2 Nbc6 27.Re1 Qf8 28.Ree3 Ne7 29.Ref3 Nf5
30.Rh3 Qe7 31.Bxf5 exf5 32.Rxh6+ Kg8 33.Rg6 Be8 34.Rg5 Bd7 35.Rfg3  1-0

[Event "ch-URU"]
[Site "Montevideo URU"]
[Date "2011.03.26"]
[Round "2"]
[White "Colombo,C"]
[Black "Roselli Mailhe,B"]
[Result "0-1"]
[WhiteElo "2094"]
[BlackElo "2420"]

1.d4 e6 2.e4 d5 3.Nd2 Nc6 4.c3 e5 5.exd5 Qxd5 6.Ngf3 exd4 7.Bc4 Qh5 8.O-O Bd6
9.Ne4 Bg4 10.Nxd6+ cxd6 11.Qe1+ Nge7 12.Ng5 O-O 13.f3 Bd7 14.Bd3 f5 15.Ne6 Rf6
16.Nf4 Qf7 17.cxd4 Re8 18.Qh4 Nb4 19.Bb1 h6 20.Nh5 Re6 21.Nf4 Ng6 22.Nxg6 Qxg6
23.a3 Re2 24.g3 Nc2 25.Ba2+ Kh7 26.Rb1 Bb5 27.d5 Ne1 28.Kh1 Rc2 29.Bxh6 Ng2
30.Qb4 Qxh6 31.Qxb5 Ree2 32.Bc4 Red2 33.Rfd1 Ne1 34.Rxd2 Qxd2  0-1

[Event "5th Agzamov Mem"]
[Site "Tashkent UZB"]
[Date "2011.03.26"]
[Round "9"]
[White "Djuraev,S"]
[Black "Kuzubov,Y"]
[Result "0-1"]
[WhiteElo "2371"]
[BlackElo "2627"]

1.e4 e6 2.d4 d5 3.Nd2 Nc6 4.Ngf3 Nf6 5.e5 Nd7 6.Be2 f6 7.exf6 Qxf6 8.Nf1 Bd6
9.Ng3 O-O 10.O-O h6 11.c4 a6 12.a3 Qf7 13.b4 dxc4 14.Bxc4 Nb6 15.Bb3 Nd5
16.Ne4 Nce7 17.Qd3 Bd7 18.Bd2 Bb5 19.Bc4 Bxc4 20.Qxc4 Qh5 21.Ng3 Qg6 22.Rae1 Rxf3
23.gxf3 Rf8 24.Qe2 Rf6 25.Kh1 Qf7 26.Ne4 Rxf3 27.Nxd6 cxd6 28.Qxe6 Rxa3 29.Rg1 Qxe6
30.Rxe6 Nf5 31.Bxh6 Kf7 32.Bc1 Ra2 33.Ree1 Nxb4 34.Be3 Ne7 35.Bf4 Nd3 36.Rxg7+ Kxg7
37.Rxe7+ Kf6 38.Bxd6 Nxf2+ 39.Kg1 b5 40.d5 Nh3+ 41.Kf1 Nf4 42.Re5 Rxh2 43.Re6+ Nxe6
44.Bxh2 Nd4 45.Kf2 b4 46.Bd6 a5 47.Bc5 Nb5 48.Ke2 Ke5 49.Bb6 b3 50.Kd3 b2
51.Kc2 Na3+  0-1

[Event "TCh-HUN 2010-11"]
[Site "Nagykanizsa HUN"]
[Date "2011.03.27"]
[Round "7"]
[White "Gergacz,A"]
[Black "Csatlos,R"]
[Result "1-0"]
[WhiteElo "2425"]
[BlackElo "2015"]

1.e4 e6 2.d4 d5 3.Nd2 Be7 4.Ngf3 c5 5.e5 Nc6 6.dxc5 Qc7 7.Bb5 Bxc5 8.Nb3 a6
9.Nxc5 axb5 10.Nd3 Ra4 11.O-O Nge7 12.b3 Ra8 13.Bb2 Bd7 14.Qd2 O-O 15.Nf4 f5
16.exf6 gxf6 17.Nh5 Ne5 18.Nxf6+ Rxf6 19.Bxe5  1-0

[Event "1st Armen Norouz Cup"]
[Site "Esfahan IRI"]
[Date "2011.03.30"]
[Round "8"]
[White "Mirzaei,Nima"]
[Black "Sharifpanahi,F"]
[Result "1/2-1/2"]
[WhiteElo "1521"]
[BlackElo "1930"]

1.e4 e6 2.d4 d5 3.Nd2 Nc6 4.c3 f5 5.exf5 exf5 6.Bd3 Nf6 7.Ne2 Bd6 8.Nf3 O-O
9.O-O Ne7 10.Bf4 h6 11.Bxd6 Qxd6 12.Ne5 Ng4 13.Nxg4 fxg4 14.Ng3 g6 15.Qd2 Kg7
16.Rfe1 Nf5 17.Re5 Bd7 18.Nxf5+ Bxf5 19.Rae1 Bxd3 20.Qxd3 Rf6 21.Re7+ Kg8
22.Qe3 g5 23.Re6 Rxe6 24.Qxe6+ Qxe6 25.Rxe6 Kf7 26.Rxh6 Re8 27.h4 gxh3 28.Rxh3 Re1+
29.Kh2 Re2 30.Rh7+ Kf6 31.Rxc7 Rxb2 32.f3 Ke6 33.a4 Ra2 34.Rxb7 Rxa4 35.Rg7 Kf6
36.Rc7 a5 37.Rc5 Ke6 38.Kh3 Ra1 39.Kg4 a4 40.Kxg5 a3 41.Ra5 a2 42.g4 Rf1
43.Ra6+ Ke7 44.Rxa2 Rxf3 45.Ra5 Ke6 46.Rc5 Rf8 47.Rc6+ Ke7 48.Rc7+ Kd6 49.Rg7 Rc8
50.Kh6 Rxc3 51.g5 Rh3+ 52.Kg6 Rh4 53.Kf7 Rxd4 54.g6 Rf4+ 55.Kg8 d4 56.Rf7 Rg4
57.g7 Kd5 58.Rd7+ Ke4 59.Kf8 Ke3 60.Re7+ Kd2 61.Re4 Rxg7 62.Kxg7 d3 63.Kf6 Kc3
64.Re3 Kc2  1/2-1/2

[Event "TCh-NOR Attack-serien 2010-11"]
[Site "Oslo NOR"]
[Date "2011.04.01"]
[Round "7"]
[White "Hansen,TR"]
[Black "Stojanovic,Mih"]
[Result "1/2-1/2"]
[WhiteElo "2439"]
[BlackElo "2582"]

1.e4 e6 2.d4 d5 3.Nd2 a6 4.Ngf3 Nf6 5.e5 Nfd7 6.Bd3 c5 7.c3 Nc6 8.O-O b5
9.Qe2 Bb7 10.Re1 Be7  1/2-1/2

[Event "ch-CHN w 2011"]
[Site "Xinghua Jiangsu CHN"]
[Date "2011.04.01"]
[Round "3"]
[White "Wang Yu A"]
[Black "Guo Qi"]
[Result "0-1"]
[WhiteElo "2398"]
[BlackElo "2331"]

1.e4 e6 2.d4 d5 3.Nd2 Be7 4.Bd3 c5 5.dxc5 Nf6 6.Qe2 a5 7.Ngf3 O-O 8.O-O Na6
9.e5 Nd7 10.c3 Naxc5 11.Bc2 b5 12.Nb3 b4 13.Nxc5 Nxc5 14.cxb4 axb4 15.Rd1 b3
16.Bb1 bxa2 17.Rxa2 Rxa2 18.Bxa2 Ba6 19.Qc2 Ne4 20.Nd4 Qa8 21.Be3 Rc8 22.Qb1 Qb8
23.Rc1 Qxe5 24.Rxc8+ Bxc8 25.Nc6 Qc7 26.Nxe7+ Qxe7 27.Qc2 Qd7 28.Bb3 Ba6
29.Ba4 Qb7 30.Qc6 Qxc6 31.Bxc6 Nd6 32.b4 Bc4 33.Bc5 Nb5 34.Bxb5 Bxb5 35.f4 f6
36.Kf2 Kf7 37.Bd4 h5 38.Ke3 Kg6 39.h3 Kf5 40.Bc5 e5 41.fxe5 fxe5 42.Bf8 g5
43.Bg7 g4 44.hxg4+ hxg4 45.Kf2 d4 46.Kg3 Bd7 47.Bh8 Ke4 48.Kf2 Kd5 49.Bf6 e4
50.Kg3 e3 51.Bg5 Ke5  0-1

[Event "Final Four of College Chess"]
[Site "Washington D.C. USA"]
[Date "2011.04.02"]
[Round "1"]
[White "Erenburg,S"]
[Black "Ramirez,Alej"]
[Result "1-0"]
[WhiteElo "2616"]
[BlackElo "2594"]

1.e4 e6 2.d4 d5 3.Nd2 Be7 4.Bd3 c5 5.dxc5 Nf6 6.Qe2 O-O 7.Ngf3 a5 8.c3 Nfd7
9.O-O Nxc5 10.Bc2 b6 11.Rd1 Ba6 12.Qe3 Nc6 13.Nf1 Ra7 14.exd5 Rd7 15.Ng5 h6
16.Nh7 Re8 17.Qh3 Rxd5 18.Bxh6 Bd3 19.Bxd3 Rxd3 20.Qg4 g6 21.Rxd3 Qxd3 22.Ng5 Ne5
23.Qd4 Qxd4 24.cxd4 Ng4 25.dxc5 Bxc5 26.Ne4 Nxh6 27.Nf6+ Kf8 28.Nxe8 Kxe8
29.Ne3 f5 30.Rd1 Ke7 31.Kf1 f4 32.Nc4 Ng4 33.f3 Nf6 34.Ne5 g5 35.Nc6+ Kf7
36.Ne5+ Ke7 37.Nc6+ Kf7 38.Rd8 Nd5 39.Ke2 Bg1 40.h3 Bc5 41.Ne5+ Kg7 42.Kd3 Be7
43.Rd7 Kf8 44.Rb7 Bd6 45.Nd7+ Ke8 46.Nxb6 Nb4+ 47.Ke4 Nxa2 48.Nc4  1-0